00807nam a2200241Ia 450000500170000000800460001703700110006304000080007404000080008204000080009004100080009804100080010608400080011410000470012224501220016926000090029130000100030065000110031070001280032194200070044999900210045695200880047720260430150203.0008 250103s9999 xx 000 0 eng d aTheses aCRL beng ceng 2eng aeng qCRL aShri Bhagwan Au.; Sharma J.P. Gu.91236731 3aAn explanatory study on factors promoting participation among pro-kabaddi and national level kabaddi players of India c2021 a149p. aSports aUniversity of Delhi. Faculty of Interdisciplinary & Applied Sciences . Department of Physical Education and Sports Sciences cTH c1849164d1849164 00104070aCRLbCRLd2026-04-30l0pTH0026233r2026-04-30 15:02:03w2026-04-30yTH